Ghazvah-i-Hind/ (Record no. 607834)
[ view plain ]
| 000 -LEADER | |
|---|---|
| fixed length control field | 00388nam a22001457a 4500 |
| 020 ## - INTERNATIONAL STANDARD BOOK NUMBER | |
| International Standard Book Number | 9789697542000 |
| 082 ## - DEWEY DECIMAL CLASSIFICATION NUMBER | |
| Classification number | 297.72 |
| Author Mark | SID |
| 100 ## - MAIN ENTRY--PERSONAL NAME | |
| Personal name | Siddiqui, Umair Mehmood |
| 245 ## - TITLE STATEMENT | |
| Title | Ghazvah-i-Hind/ |
| Statement of responsibility, etc. | Umair Mehmood Siddiqui, |
| 260 ## - PUBLICATION, DISTRIBUTION, ETC. | |
| Place of publication, distribution, etc. | Karachi: |
| Name of publisher, distributor, etc. | Seerat encyclopaedia project; |
| Date of publication, distribution, etc. | 2019. |
| 300 ## - PHYSICAL DESCRIPTION | |
| Extent | 112p. |
| 563 ## - BINDING INFORMATION | |
| Binding note | PB |
| 650 ## - SUBJECT ADDED ENTRY--TOPICAL TERM | |
| Topical term or geographic name entry element | Islam |
| -- | Holy war |
| 942 ## - ADDED ENTRY ELEMENTS (KOHA) | |
| Source of classification or shelving scheme | |
| Koha item type | Book |
| 650 ## - SUBJECT ADDED ENTRY--TOPICAL TERM | |
| -- | 120719 |
| Withdrawn status | Lost status | Source of classification or shelving scheme | Materials specified (bound volume or other part) | Damaged status | Not for loan | Permanent Location | Current Location | Date acquired | Source of acquisition | Full call number | Barcode | Date last seen | Price effective from | Koha item type | Total Checkouts |
|---|---|---|---|---|---|---|---|---|---|---|---|---|---|---|---|
| Donated by Mr. Mirza Waseem Baig DD Library NUST | Central Library (CL) | Central Library (CL) | 02/17/2024 | Donated by Mr. Mirza Waseem Baig DD Library NUST | 297.72 SID | CL-D-2603 | 02/17/2024 | 02/17/2024 | Book | ||||||
| Donated by Mr. Mirza Waseem Baig DD Library NUST | Central Library (CL) | Central Library (CL) | 02/17/2024 | Donated by Mr. Mirza Waseem Baig DD Library NUST | 297.72 SID | CL-D-2602 | 02/17/2024 | 02/17/2024 | Book |
